Central London offices - second quarter & Third quarter 2000 (Record no. 100848)

MARC details
000 -LEADER
fixed length control field 00641cam a2200241 4500
001 - CONTROL NUMBER
control field J108720
008 - FIXED-LENGTH DATA ELEMENTS--GENERAL INFORMATION
fixed length control field 000000n2000 000 0 eng u
035 ## - SYSTEM CONTROL NUMBER
System control number (Sirsi) u108720
050 ## - LIBRARY OF CONGRESS CALL NUMBER
Classification number 333.337
110 ## - MAIN ENTRY--CORPORATE NAME
Corporate name or jurisdiction name as entry element Chesterton
9 (RLIN) 2357
245 ## - TITLE STATEMENT
Title Central London offices - second quarter & Third quarter 2000
260 ## - PUBLICATION, DISTRIBUTION, ETC.
Place of publication, distribution, etc. London
Name of publisher, distributor, etc. Chesterton
Date of publication, distribution, etc. 2000
300 ## - PHYSICAL DESCRIPTION
Extent 2pt.. ; 30cm.
650 ## - SUBJECT ADDED ENTRY--TOPICAL TERM
Topical term or geographic name entry element OFFICES
650 ## - SUBJECT ADDED ENTRY--TOPICAL TERM
Topical term or geographic name entry element PROPERTY MARKET
650 ## - SUBJECT ADDED ENTRY--TOPICAL TERM
Topical term or geographic name entry element LONDON
650 ## - SUBJECT ADDED ENTRY--TOPICAL TERM
Topical term or geographic name entry element RENTS
650 ## - SUBJECT ADDED ENTRY--TOPICAL TERM
Topical term or geographic name entry element OFFICE SPACE
650 ## - SUBJECT ADDED ENTRY--TOPICAL TERM
Topical term or geographic name entry element TAKE-UP
650 ## - SUBJECT ADDED ENTRY--TOPICAL TERM
Topical term or geographic name entry element VACANCY RATES
690 ## - LOCAL SUBJECT ADDED ENTRY--TOPICAL TERM (OCLC, RLIN)
Topical term or geographic name as entry element PROPERTY-COMMERCIAL PROPERTY-COMMERCIAL PROPERTY MARKET
942 ## - ADDED ENTRY ELEMENTS (KOHA)
Suppress in OPAC 0
Holdings
Withdrawn status Lost status Source of classification or shelving scheme Damaged status Not for loan Home library Current library Shelving location Date acquired Total Checkouts Full call number Barcode Date last seen Copy number Price effective from Koha item type
    Dewey Decimal Classification     London London Property market reports 10/10/2000   PROPERTY MARKET REPORTS 30062353 06/08/2019 1 06/08/2019 Reference material
    Dewey Decimal Classification     London London Property market reports 10/01/2001   PROPERTY MARKET REPORTS 30063196 06/08/2019 2 06/08/2019 Reference material